Which City? #Middle East - Statistics

General Stats
  • This quiz has been taken 23 times
  • The average score is 13 of 16
Answer Stats
Picture Answer % Correct
Dubai
100%
Mecca
100%
Beirut
95%
Abu Dhabi
90%
Jeddah
90%
Jerusalem
90%
Damascus
85%
Muscat
85%
Sana'a
85%
Amman
80%
Doha
80%
Kuwait
80%
Manama
80%
Tel Aviv
80%
Baghdad
65%
Isfahan
45%
No matching quizzes found
Score Distribution
Percent of People with Each Score
Percentile by Number Answered
Your Score History
You have not taken this quiz